Milan Kyzour /

Korporativní autor: Alšova jihočeská galerie (České Budějovice, Česko)
Další autoři: Kyzour, Milan, 1932-2000, Kyzourová, Ivana, Kalina, Pavel, 1965-
Jazyk: Čeština
Vydáno: V Hluboké nad Vltavou : Alšova jihočeská galerie, 2002
Témata:
Fyzický popis: [50] s. : barev. il., portréty ; 30 cm
Knihy
Uloženo v:
LEADER 01504nam a2200409 a 4500
001 000647357
003 CZ BrMZK
005 20070829071951.0
007 ta
008 030121s2002 xr f cze d
015 |a cnb001201685 
020 |a 80-85857-61-8 
035 |a (OCoLC)53262928 
040 |a BOA001  |b cze 
043 |a e-xr--- 
045 |a x6x9 
080 |a 75(437.3)  |2 MRF 
080 |a 75.036/.038  |2 MRF 
080 |a (437.3)  |2 MRF 
080 |a (083.824)  |2 MRF 
245 0 0 |a Milan Kyzour /  |c [texty Milan Kyzour, Ivana Kyzourová, Pavel Kalina] 
260 |a V Hluboké nad Vltavou :  |b Alšova jihočeská galerie,  |c 2002 
300 |a [50] s. :  |b barev. il., portréty ;  |c 30 cm 
500 |a Katalog výstavy 
500 |a Vydáno k nedožitým sedmdesátým narozeninám autora 
500 |a Anglické a německé resumé 
600 1 7 |a Kyzour, Milan,  |d 1932-2000  |7 mzk2002160927  |2 czenas 
650 0 7 |a české malířství  |7 ph116864  |y 20. stol.  |2 czenas 
650 0 7 |a moderní malířství  |7 ph122940  |z Česko  |2 czenas 
655 7 |a katalogy výstav  |7 fd132536  |2 czenas 
700 1 |a Kyzour, Milan,  |d 1932-2000  |7 mzk2002160927  |4 wfw  |4 hnr 
700 1 |a Kyzourová, Ivana  |7 ola2004209187  |4 wfw 
700 1 |a Kalina, Pavel,  |d 1965-  |7 ntka172860  |4 wfw 
710 2 |a Alšova jihočeská galerie (České Budějovice, Česko)  |7 ko20010092005 
910 |a BOA001  |b 4-1111.788 
990 |a BK 
996 6 |b 2610179810  |c 4-1111.788  |l MZK  |r Sklad / do 1 hodiny  |n 4  |p p.v.  |w 000647357  |u 000010  |a 1  |e BOA001  |j MZK50  |s P